Cuentos para niños de La Candelaria (Registro nro. 2904)

Detalles MARC
000 - LÍDER
campo de control de longitud fija 01128nam a2200313Ia 4500
005 - FECHA Y HORA DE LA ÚLTIMA TRANSACCIÓN
campo de control 20210727153129.0
007 - DESCRIPCIÓN FÍSICA CAMPO FIJO - INFORMACIÓN GENERAL
campo de control de longitud fija ta
008 - ELEMENTOS DE DATOS DE LONGITUD FIJA - INFORMACIÓN GENERAL
campo de control de longitud fija 000030 2007 ck a gs j spa d spa
020 ## - INTERNATIONAL STANDARD BOOK NUMBER
International Standard Book Number 9789583003035
040 ## - FUENTE DE CATALOGACIÓN
Agencia de catalogación original CO-BoRNBP
Lenguaje de catalogación spa
Agencia de transcripción CO-BoRNBP
Descripción convenciones rda
041 0# - CÓDIGO DE LENGUAJE
Código de idioma de texto / pista de sonido o título separado spa
084 ## - OTRO NÚMERO DE CLASIFICACIÓN
Número de clasificación C MUJ1
100 1# - ENTRADA PRINCIPAL - NOMBRE PERSONAL
Nombre de la persona Mújica, Elisa,
Fechas asociadas a un nombre 1918-
Término del Relator autora
245 10 - TÍTULO DECLARACIÓN
Título Cuentos para niños de La Candelaria
Declaración de responsabilidad Elisa Mújica ; ilustraciones de Mauricio Franco
250 ## - DECLARACIÓN DE EDICIÓN
Sentencia de edición Primera edición
Resto de la declaración de la edición Novena reimpresión
264 #1 - AVISO DE PRODUCCIÓN, PUBLICACIÓN, DISTRIBUCIÓN, FABRICACIÓN Y DERECHOS DE AUTOR
Lugar de producción Bogotá
Nombre del productor Panamericana
Fecha de producción 1997-2017
300 ## - DESCRIPCIÓN FÍSICA
Alcance 124 páginas
Otros datos físicos ilustraciones a color
Dimensiones 23 cm.
336 ## - TIPO DE CONTENIDO
Tipo de contenido texto
Código de tipo de contenido txt
Fuente rdacontent
337 ## - TIPO DE MEDIO
Término del tipo de medio sin mediación
Código de tipo de medio n
Fuente rdamedia
338 ## - TIPO DE PORTADOR
Término del tipo de operador volumen
Código de tipo de operador nc
Fuente rdacarrier
650 14 - ENTRADA DE SUJETO AÑADIDO - TÉRMINO TÓPICO
Término tópico o elemento de entrada del nombre geográfico Cuentos infantiles colombianos
Subdivisión cronológica Siglo XX
Fuente del título o término LEMB
650 14 - ENTRADA DE SUJETO AÑADIDO - TÉRMINO TÓPICO
Término tópico o elemento de entrada del nombre geográfico Literatura infantil colombiana
Subdivisión cronológica Siglo XX
Fuente del título o término LEMB
650 14 - ENTRADA DE SUJETO AÑADIDO - TÉRMINO TÓPICO
Término tópico o elemento de entrada del nombre geográfico Animales
Subdivisión de forma Cuentos infantiles
Fuente del título o término LEMB
650 14 - ENTRADA DE SUJETO AÑADIDO - TÉRMINO TÓPICO
Término tópico o elemento de entrada del nombre geográfico Fantasmas
Subdivisión de forma Cuentos infantiles
Fuente del título o término LEMB
650 14 - ENTRADA DE SUJETO AÑADIDO - TÉRMINO TÓPICO
Término tópico o elemento de entrada del nombre geográfico Terror
Subdivisión de forma Cuentos infantiles
Fuente del título o término LEMB
650 14 - ENTRADA DE SUJETO AÑADIDO - TÉRMINO TÓPICO
Término tópico o elemento de entrada del nombre geográfico Príncipes
Subdivisión de forma Cuentos infantiles
Fuente del título o término LEMB
700 1# - ENTRADA AGREGADA - NOMBRE PERSONAL
Nombre de la persona Mauricio, Franco,
Término del Relator ilustrador
942 ## - ELEMENTOS DE ENTRADA AGREGADOS (KOHA)
Fuente de clasificación o esquema de estanterías
Tipo de artículo Koha Literartura
Existencias
Estado de retirada Pérdida de estatus Fuente de clasificación o esquema de estanterías Estado dañado No para préstamo Código de recogida Ubicación permanente Ubicación actual Ubicación de las estanterías Fecha de adquisición Fuente de adquisición Número Topográfico Código de barras Precio efectivo desde Número de copia Fecha de la última vez que se vio Tipo de artículo Koha Total de Cajas
    Dewey Decimal Classification     General Biblioteca Pública Municipal Carlos Arturo Bolívar Guevara Biblioteca Pública Municipal Carlos Arturo Bolívar Guevara Área Infantil 27/12/2023 Dotación min y cultura BNC 863M953c BEL03 - 3533 27/12/2023 Ej: 1 27/12/2023 Literartura  
    Dewey Decimal Classification     Infantil Biblioteca Pública Municipal Francisco Jaramillo Ochoa Biblioteca Pública Municipal Francisco Jaramillo Ochoa Área Infantil 23/01/2024 DOTACIÓN MINISTERIO DE CULTURA C MUJ1 LAVI10-2944 23/01/2024 Ej. 1 23/01/2024 Literartura  
    Dewey Decimal Classification     Infantil Biblioteca Pública Municipal Isaías Naranjo Ríos Biblioteca Pública Municipal Isaías Naranjo Ríos Área Infantil 03/10/2000 Dotación ministerio de cultura C IC863 M953c API01 - 1611 04/10/2024 Ej.1 04/10/2024 Literartura  
    Dewey Decimal Classification     Infantil Biblioteca Pública Municipal Isaías Naranjo Ríos Biblioteca Pública Municipal Isaías Naranjo Ríos Área Infantil 03/10/2012 Dotación ministerio de cultura C MUJ1 API01 - 1672 08/10/2024 Ej.1 08/10/2024 Literartura  
    Dewey Decimal Classification     General Biblioteca Pública Municipal Pública Municipal de Santuario Biblioteca Pública Municipal Pública Municipal de Santuario Área General 15/02/2023 Alcaldía Municipal C 863 M953cue SANT18 - 1184 15/02/2023 Ej, 1 15/02/2023 Literartura  
    Dewey Decimal Classification     General Biblioteca Pública Municipal Pública Municipal de Santuario Biblioteca Pública Municipal Pública Municipal de Santuario Área General 30/05/2023 Dotación MinCultura y BNC C MUJ1 SANT18 - 2313 30/05/2023 Ej. 1 30/05/2023 Literartura